000 00375 a2200121 4500
001 ART_46647
005 20260410161926.0
008 260409a
245 1 0 _aRising Wage Inequality and the U.S. Gender Gap
100 1 _aBlau, Francine D.
700 1 _aKahn, Lawrence M.
773 0 _tThe American Economic Review
_g- Vol. 84, NÂș 2 (mayo 1994)
_wREV16190
999 _c28134
_d28134